[Event "Challenge"]
[Site "http://www.queenalice.com/game.php?id=1103108"]
[Date "2012.9.15"]
[Round "-"]
[White "Zowie"]
[Black "Schichtl"]
[Result "1-0"]
[WhiteElo "1067"]
[BlackElo "1395"]

1. e4 e5 2. Nf3 f6 3. d4 Nc6 4. Nc3 g5 5. d5 Na5 6. Bd2 b6 7. b4 Bxb4 8. a3 Bc5
9. h4 g4 10. Nh2 Qe7 11. Nb5 Kd8 12. Nxg4 a6 13. Nc3 d6 14. Be3 f5 15. Nh6 Nf6
16. Bg5 f4 17. g4 Bd7 18. Bxf6 Qxf6 19. g5 Qg7 20. Qh5 Be8 21. Qg4 Bd4 22. Nf5
Qd7 23. Qh3 c5 24. dxc6 Qxc6 25. O-O-O Bxc3 26. Rxd6+ Qxd6 27. Nxd6 Bd4 28. Qe6
Bd7 29. Nf7+ Kc8 30. Qd5 Bc6 31. Qe6+ Bd7 32. Qf6 Rf8 33. Nd6+ Kc7 34. Nf7 Nc4
35. Bxc4 Rae8 36. Qd6+ Kc8 37. Bxa6# 1-0

[Event "Challenge"]
[Site "http://www.queenalice.com/game.php?id=1103109"]
[Date "2012.9.15"]
[Round "-"]
[White "Martial"]
[Black "Zowie"]
[Result "1-0"]
[WhiteElo "1420"]
[BlackElo "1025"]

1. e4 e5 2. Nf3 Nf6 3. Bc4 d5 4. exd5 Bc5 5. Nc3 Ng4 6. Ne4 Bb6 7. d4 f5 8. dxe5
fxe4 9. Ng5 Nxf2 10. Nf7 Kxf7 11. Rf1 e3 12. Qh5+ g6 13. Qf3+ Bf5 14. Bxe3 Qh4
15. e6+ Ke7 16. Bxb6 cxb6 17. Rxf2 Qxh2 18. O-O-O Qh4 19. d6+ Kf6 20. d7 Rd8 21.
Qc3+ Kg5 22. Qe3+ Kf6 23. e7 Nxd7 24. Rd6+ Kg7 25. Rxf5 Qh1+ 26. Rf1 Qh4 27.
Rf7+ Kh8 28. Qc3+ Kg8 29. Qg7# 1-0

[Event "Challenge"]
[Site "http://www.queenalice.com/game.php?id=1103110"]
[Date "2012.9.15"]
[Round "-"]
[White "dourado86"]
[Black "Zowie"]
[Result "0-1"]
[WhiteElo "1480"]
[BlackElo "1494"]

1. e4 e5 2. Nf3 d5 3. exd5 e4 4. Nd4 Bc5 5. c3 Nf6 6. d3 Bg4 7. f3 Bh5 8. b4 Bd6
9. g4 Bg6 10. dxe4 Bxe4 11. fxe4 Nxe4 12. Be3 Qh4+ 13. Ke2 Qxg4+ 14. Ke1 Qh4+
15. Ke2 Nd7 16. Nf5 Qg4+ 17. Ke1 Qxf5 18. Qd4 Be5 19. Qc4 O-O 20. Bd3 Bxc3+ 21.
Nxc3 Ne5 22. Bxe4 Nf3+ 23. Ke2 Qg4 24. Bc5 Ne5+ 25. Ke1 Nxc4 26. Bxf8 Rxf8 27.
Rf1 Qh4+ 28. Rf2 Re8 29. Kf1 Qh3+ 30. Bg2 Qxc3 31. Rd1 Nb2 32. Rdd2 Qc1+ 33. Rd1
Qxd1# 0-1

[Event "Challenge"]
[Site "http://www.queenalice.com/game.php?id=1103111"]
[Date "2012.9.15"]
[Round "-"]
[White "Zowie"]
[Black "edemarc"]
[Result "0-1"]
[WhiteElo "1496"]
[BlackElo "1388"]

1. Nc3 e6 2. Nf3 d5 3. e4 d4 4. Nb5 Nc6 5. d3 e5 6. Ng5 h6 7. Qh5 Qf6 8. c3 Bd6
9. c4 g6 10. Qf3 hxg5 11. c5 Qe7 12. cxd6 cxd6 13. b3 a6 14. Bxg5 Qd7 15. Bf6
Rh6 16. Qd1 axb5 17. Qf3 Nb4 18. Kd2 Qe6 19. Bg5 Rh5 20. Qg3 Nxa2 21. h4 Qxb3
22. Rc1 Nxc1 23. Ke1 Ra1 0-1

[Event "Challenge"]
[Site "http://www.queenalice.com/game.php?id=1103113"]
[Date "2012.9.15"]
[Round "-"]
[White "vangogh"]
[Black "Zowie"]
[Result "1-0"]
[WhiteElo "1405"]
[BlackElo "1024"]

1. e4 e5 2. Qf3 Nh6 3. Bc4 Qe7 4. d3 Nc6 5. c3 Na5 6. Na3 d5 7. Bxd5 f5 8. b4 c6
9. bxa5 cxd5 10. exd5 e4 11. dxe4 Qc5 12. Ne2 Ng4 13. exf5 Ne5 14. Qe4 Qxc3+ 15.
Nxc3 Bd6 16. Nab5 Ke7 17. Bg5+ Kd7 18. f6 gxf6 19. Bxf6 Re8 20. Qxh7+ Nf7+ 21.
Kd1 Rf8 22. Qh3+ Ke8 23. Re1+ Ne5 24. Nxd6# 1-0

[Event "Challenge"]
[Site "http://www.queenalice.com/game.php?id=1103115"]
[Date "2012.9.15"]
[Round "-"]
[White "magalhaes_br"]
[Black "Zowie"]
[Result "0-1"]
[WhiteElo "1259"]
[BlackElo "1354"]

1. e4 e5 2. Nf3 Nf6 3. d3 Bc5 4. Qe2 Ng4 5. Rg1 c6 6. h3 Bxf2+ 7. Kd1 Ne3+ 8.
Kd2 Bxg1 9. Nxg1 Qg5 10. Ke1 Qh4+ 11. Qf2 Nxc2+ 12. Ke2 Qh5+ 13. Qf3 Nd4+ 14.
Ke3 Nxf3 15. Nxf3 Qh6+ 16. Ke2 Qxc1 17. Ne1 Qxb2+ 18. Ke3 Qxa1 19. Kf2 Qxb1 20.
h4 Qxa2+ 21. Kg1 Qd2 22. Nf3 Qe3+ 23. Kh2 d5 24. Kg3 dxe4 25. dxe4 Qxe4 26. Kf2
Qc2+ 27. Kg1 e4 28. Ne1 Qc5+ 29. Kh2 Qe3 30. Nc2 Qf2 31. Nb4 Qxf1 32. Kg3 Qe1+
33. Kh2 Qxb4 34. g3 Nd7 35. Kg2 Ne5 36. Kf2 Qd2+ 37. Kg1 Nf3+ 38. Kh1 Qh2# 0-1

[Event "Challenge"]
[Site "http://www.queenalice.com/game.php?id=1103116"]
[Date "2012.9.15"]
[Round "-"]
[White "Ederson"]
[Black "Zowie"]
[Result "0-1"]
[WhiteElo "1221"]
[BlackElo "1171"]

1. d4 d5 2. g3 Nc6 3. e4 Nf6 4. c4 Bg4 5. Qa4 e6 6. Bg5 Bb4+ 7. Nd2 h6 8. Bxf6
Qxf6 9. h3 Bh5 10. exd5 Qxd4 11. g4 Qxd2# 0-1

[Event "Challenge"]
[Site "http://www.queenalice.com/game.php?id=1103120"]
[Date "2012.9.15"]
[Round "-"]
[White "Zowie"]
[Black "jbugg"]
[Result "0-1"]
[WhiteElo "1046"]
[BlackElo "1385"]

1. e4 e5 2. Nc3 Nc6 3. Bc4 Nf6 4. Nf3 Bc5 5. Qe2 Ng4 6. d4 Nxd4 7. Nxe5 Nxe5 8.
Qf1 Nxc2+ 9. Kd1 Nxa1 10. b3 Bb4 11. Nd5 Bc5 12. Bf4 d6 13. g3 c6 14. Nc3 Qa5
15. Kd2 Nxc4+ 16. bxc4 Bd4 17. Qxa1 Bxc3+ 18. Qxc3 Qxa2+ 19. Kd3 Kd7 20. Qxg7
Qa3+ 21. Ke2 Qa2+ 22. Kf3 Re8 23. Qxf7+ Re7 24. Qf5+ Kc7 25. Qf6 Re6 26. Qf7+
Bd7 27. Rd1 Qb3+ 28. Kg4 Qxd1+ 29. f3 Re7+ 30. Qf5 Bxf5+ 31. exf5 Rg8+ 32. Kh3
Qf1+ 33. Kh4 Qxc4 34. g4 Qxf4 35. h3 Qxf3 36. f6 Qxf6+ 37. Kg3 Re3+ 0-1

[Event "Challenge"]
[Site "http://www.queenalice.com/game.php?id=1103121"]
[Date "2012.9.15"]
[Round "-"]
[White "askasl159"]
[Black "Zowie"]
[Result "1/2-1/2"]
[WhiteElo "1299"]
[BlackElo "1020"]

1. e4 Nc6 2. a3 e5 3. c3 Nf6 4. d3 Bc5 5. g3 Ng4 6. Qxg4 Qf6 7. Qf3 Na5 8. Qxf6
gxf6 9. Nd2 d6 10. b4 Nb3 11. Nxb3 Bb6 12. a4 Be6 13. c4 O-O-O 14. a5 Bd4 15.
Rb1 Bc3+ 16. Kd1 Bxb4 17. Be3 c6 18. Bxa7 d5 19. Bb6 Bg4+ 20. Be2 Rdg8 21. f3
Bh5 22. g4 Bg6 23. Nc5 Bxc5 24. Bxc5 dxe4 25. dxe4 Rd8+ 26. Ke1 h5 27. Be7 Rd7
28. Bxf6 Re8 29. Rd1 Rd4 30. Nh3 hxg4 31. Rxd4 exd4 32. Nf2 Re6 33. Bxd4 f5 34.
Bd3 Rd6 35. Bc3 Bh5 36. f4 Re6 37. e5 Bf7 38. Bxf5 Kd7 39. Nxg4 Ke7 40. Bxe6
Bxe6 41. h3 Bxc4 42. Rh2 Ke6 43. h4 Kf5 44. Ne3+ Kxf4 45. Nxc4 Kg3 46. Rb2 b5
47. axb6 1/2-1/2

[Event "Challenge"]
[Site "http://www.queenalice.com/game.php?id=1103133"]
[Date "2012.9.15"]
[Round "-"]
[White "jeffersoncarlos"]
[Black "Zowie"]
[Result "0-1"]
[WhiteElo "1230"]
[BlackElo "1499"]

1. d4 Nc6 2. e3 Nf6 3. Bd3 e5 4. Nf3 e4 5. Bb5 Ne7 6. Ng5 c6 7. Ba4 b5 8. Bb3 d5
9. Nc3 Qa5 10. Bd2 Bg4 11. f3 exf3 12. gxf3 Bh5 13. Ne2 Qc7 14. Nc3 Nf5 15. e4
Nxd4 16. exd5 Bxf3 17. Qb1 Bxh1 18. Kf2 Qxh2+ 19. Ke1 Qg1# 0-1

[Event "Challenge"]
[Site "http://www.queenalice.com/game.php?id=1103134"]
[Date "2012.9.15"]
[Round "-"]
[White "swampthing"]
[Black "Zowie"]
[Result "0-1"]
[WhiteElo "1240"]
[BlackElo "1431"]

1. d4 d5 2. a4 Nf6 3. Ra3 Nc6 4. Rf3 e5 5. Nc3 Nxd4 6. Rh3 Bxh3 7. gxh3 Bb4 8.
Nf3 Ne4 9. Nxd4 Bxc3+ 10. bxc3 exd4 11. cxd4 O-O 12. e3 Qh4 13. Qe2 f5 14. Qb5
Qxf2+ 15. Kd1 Nc3# 0-1

[Event "Challenge"]
[Site "http://www.queenalice.com/game.php?id=1103137"]
[Date "2012.9.15"]
[Round "-"]
[White "shimella"]
[Black "Zowie"]
[Result "0-1"]
[WhiteElo "1219"]
[BlackElo "1515"]

1. e4 e5 2. Nf3 Nf6 3. Nc3 c6 4. Nxe5 Qe7 5. f4 d6 6. Nc4 Nxe4 7. Nxe4 Qxe4+ 8.
Ne3 Be7 9. Bc4 Bh4+ 10. g3 Qxh1+ 0-1

[Event "Challenge"]
[Site "http://www.queenalice.com/game.php?id=1103139"]
[Date "2012.9.15"]
[Round "-"]
[White "principio1"]
[Black "Zowie"]
[Result "0-1"]
[WhiteElo "1283"]
[BlackElo "1410"]

1. e4 e5 2. Nf3 Nf6 3. Nc3 Bc5 4. Bc4 c6 5. d3 Qb6 6. O-O d5 7. b3 Ng4 8. Be3 d4
9. Na4 Qd8 10. Nxc5 dxe3 11. Qe2 b5 12. Bxf7+ Kxf7 13. c3 Qd6 14. h3 exf2+ 0-1

[Event "Challenge"]
[Site "http://www.queenalice.com/game.php?id=1103140"]
[Date "2012.9.15"]
[Round "-"]
[White "Jomaley"]
[Black "Zowie"]
[Result "1-0"]
[WhiteElo "1354"]
[BlackElo "1525"]

1. e4 e5 2. Nf3 Bc5 3. Bc4 Nh6 4. h3 c6 5. Nxe5 Qf6 6. Bxf7+ Nxf7 7. Nxf7 Qxf7
8. f3 Qf4 9. Qe2 Qg3+ 10. Kd1 d5 11. exd5+ Kd8 12. c3 Bf2 13. b4 Qxg2 14. Rf1
Bxh3 15. Rxf2 Qg1+ 16. Kc2 Re8 17. Qc4 Qxf2 18. dxc6 Bf5+ 19. Kb2 Nxc6 20. Qd5+
Bd7 21. Na3 Re5 22. Qg8+ Re8 23. Qxg7 Bf5 24. Nc4 Qxf3 25. Qf6+ Ne7 26. Nd6 Rc8
27. Nf7+ Kc7 28. Qd6# 1-0

[Event "Challenge"]
[Site "http://www.queenalice.com/game.php?id=1103141"]
[Date "2012.9.15"]
[Round "-"]
[White "dlabedz"]
[Black "Zowie"]
[Result "0-1"]
[WhiteElo "1364"]
[BlackElo "1227"]

1. d4 Nf6 2. d5 c6 3. c4 d6 4. dxc6 Nxc6 5. h3 e5 6. Be3 Ne4 7. Qc2 d5 8. cxd5
Qxd5 9. Nd2 Bb4 10. g3 Nxd2 11. Bxd2 Nd4 12. Qd3 e4 13. Qe3 Nc2+ 14. Kd1 Nxe3+
15. fxe3 Qxd2# 0-1

[Event "Challenge"]
[Site "http://www.queenalice.com/game.php?id=1103142"]
[Date "2012.9.15"]
[Round "-"]
[White "thomas01"]
[Black "Zowie"]
[Result "1-0"]
[WhiteElo "1501"]
[BlackElo "1516"]

1. e4 e5 2. c4 Nf6 3. Nc3 Bc5 4. h3 c6 5. Nf3 Qb6 6. Qe2 Na6 7. d3 O-O 8. Be3
Bxe3 9. fxe3 Nb4 10. Nxe5 Nc2+ 11. Qxc2 d6 12. Ng4 Bxg4 13. hxg4 Nxg4 14. Nd1 d5
15. Be2 Qa5+ 16. Qd2 Qc5 17. Bxg4 Qd6 18. Nf2 dxe4 19. Nxe4 Qg6 20. Qe2 f5 21.
Bh5 Qh6 22. Ng3 f4 23. exf4 Qxf4 24. Ne4 g6 25. Bg4 h5 26. Bf3 b5 27. cxb5 Qc7
28. Rc1 g5 29. O-O g4 30. Rxc6 Qa5 31. Nf6+ Kg7 32. Qe7+ Kg6 33. Nh7+ Kf5 34.
Be4# 1-0

[Event "Challenge"]
[Site "http://www.queenalice.com/game.php?id=1103143"]
[Date "2012.9.15"]
[Round "-"]
[White "zecafernandes"]
[Black "Zowie"]
[Result "0-1"]
[WhiteElo "1292"]
[BlackElo "1517"]

1. e4 e5 2. Qf3 Nh6 3. g4 d5 4. g5 Bg4 5. Qc3 Qxg5 6. f3 Qh4+ 7. Ke2 dxe4 8.
Qxe5+ Be6 9. Nc3 Nd7 10. Qxc7 Ng4 11. Kd1 Nf2+ 12. Ke2 Nxh1 13. Nxe4 Nf6 14.
Qxb7 Qxh2+ 15. Kd3 Nf2+ 16. Nxf2 Rd8+ 17. Ke3 Qxg1 18. Ke2 Bc5 19. Qc6+ Nd7 20.
Nd3 O-O 21. Nxc5 Bc4+ 22. d3 Ne5 23. Qa4 Bd5 24. Ne4 Qh1 0-1

[Event "Challenge"]
[Site "http://www.queenalice.com/game.php?id=1103144"]
[Date "2012.9.15"]
[Round "-"]
[White "Zowie"]
[Black "QDigg"]
[Result "1-0"]
[WhiteElo "1493"]
[BlackElo "1260"]

1. Nf3 c5 2. e4 a5 3. Bb5 Nc6 4. Ng5 f6 5. Nh3 d5 6. c4 dxe4 7. Nf4 e5 8. Qa4
exf4 9. d4 cxd4 10. Bxc6+ bxc6 11. Qxc6+ Bd7 12. Qxe4+ Ne7 13. Bxf4 Bf5 14. Qb7
Qc8 15. Qb5+ Nc6 16. O-O Be7 17. Re1 O-O 18. Qd5+ Qe6 19. Rxe6 Bxe6 20. Qxe6+
Rf7 21. Qxc6 Rff8 22. Qd5+ Kh8 23. Nd2 g5 24. Bc7 Rac8 25. Qb7 Bb4 26. Rd1 Rfe8
27. Kf1 d3 28. a3 Bc5 29. Bxa5 Ra8 30. Qb5 Bd4 31. Ne4 Rxe4 32. Rxd3 Rae8 33. f3
Re1+ 34. Bxe1 Rxe1+ 35. Kxe1 Be5 36. Qb7 1-0

[Event "Challenge"]
[Site "http://www.queenalice.com/game.php?id=1103145"]
[Date "2012.9.15"]
[Round "-"]
[White "Fim"]
[Black "Zowie"]
[Result "1-0"]
[WhiteElo "1356"]
[BlackElo "1519"]

1. e4 Nc6 2. Nc3 e5 3. Bb5 Nd4 4. Nf3 c6 5. Bc4 Nh6 6. O-O Qf6 7. d3 d5 8. exd5
e4 9. dxe4 c5 10. Be3 Bg4 11. Bxd4 cxd4 12. Qxd4 Qg6 13. Ne5 Qh5 14. d6 f6 15.
Bb5+ Kd8 16. Nxg4 Qxg4 17. Nd5 Bxd6 18. Nb6 Qf4 19. g3 Qe5 20. Qxe5 Bxe5 21.
Nxa8 Ke7 22. Nb6 axb6 23. c3 Nf7 24. Rad1 Ng5 25. Rd7+ Ke6 26. Rxb7 f5 27. Bc4+
Kd6 28. Rd1+ Kc5 29. Be2 Nxe4 30. Re7 Bd6 31. b4+ Kc6 32. b5+ Kc5 33. c4 Bxe7
34. Rd5+ Kb4 35. Rxf5 Nc3 36. Re5 Bf6 37. Re3 Nxa2 38. Kf1 Rd8 39. h4 Nc1 40.
Rf3 Re8 41. Re3 Bd4 42. Rxe8 Nb3 43. Re7 Bc3 44. Rb7 Nd2+ 45. Kg2 Bd4 46. Rd7
Bc3 47. Rb7 Bd4 48. f4 Ne4 49. f5 Bf2 50. Rxg7 h6 51. h5 Bd4 52. Rg6 Nc3 53. Bd3
Be3 54. f6 Na4 55. f7 Bc5 56. Rxh6 Nb2 57. Be2 Nxc4 58. Rf6 Ne3+ 59. Kh1 Nd5 60.
Rf3 Nc3 61. Bf1 Nd1 62. h6 1-0

[Event "Challenge"]
[Site "http://www.queenalice.com/game.php?id=1103148"]
[Date "2012.9.15"]
[Round "-"]
[White "WillExZ"]
[Black "Zowie"]
[Result "0-1"]
[WhiteElo "1339"]
[BlackElo "1446"]

1. e4 e5 2. Qf3 Bc5 3. Nh3 Nc6 4. Qh5 Nh6 5. Ng5 O-O 6. Qg4 Nxg4 7. Be2 Qxg5 8.
Nc3 Qf6 9. Nd5 Qxf2+ 10. Kd1 Nd4 11. c3 Qxe2# 0-1

[Event "Challenge"]
[Site "http://www.queenalice.com/game.php?id=1103355"]
[Date "2012.9.15"]
[Round "-"]
[White "two_cut"]
[Black "Zowie"]
[Result "0-1"]
[WhiteElo "1354"]
[BlackElo "1505"]

1. d4 d5 2. Nf3 Nc6 3. g3 Nh6 4. Bg2 e5 5. dxe5 d4 6. O-O Bc5 7. e3 Ng4 8. exd4
Nxd4 9. c3 Nxf3+ 10. Qxf3 Nxe5 11. Qe2 Bd6 12. Nd2 O-O 13. Ne4 Bg4 14. Qd2 Bf3
15. Bh3 Bxe4 16. Qf4 Nf3+ 17. Kh1 Bxf4 18. gxf4 Qd6 19. Bg2 Qg6 20. Be3 Nh4 21.
Bxe4 Qxe4+ 22. Kg1 Qg2# 0-1

[Event "Challenge"]
[Site "http://www.queenalice.com/game.php?id=1103558"]
[Date "2012.9.16"]
[Round "-"]
[White "Zowie"]
[Black "vinoseco"]
[Result "1-0"]
[WhiteElo "1287"]
[BlackElo "1563"]

1. e4 e5 2. Nf3 Bb4 3. Nxe5 Qe7 4. Qf3 Qxe5 5. c3 Bd6 6. Bc4 Nh6 7. d4 Qe7 8.
O-O f6 9. e5 fxe5 10. Bxh6 gxh6 11. Qh5+ Kd8 12. Nd2 Qg5 13. Qh3 Qxd2 14. Qf5
Be7 15. Qxe5 Rf8 16. Rae1 Nc6 17. Qe4 Qg5 18. f4 Qg4 19. d5 Na5 20. Qxe7# 1-0

[Event "Challenge"]
[Site "http://www.queenalice.com/game.php?id=1103561"]
[Date "2012.9.16"]
[Round "-"]
[White "Zowie"]
[Black "tomcapp"]
[Result "1-0"]
[WhiteElo "1502"]
[BlackElo "1394"]

1. e4 e5 2. Nf3 Nc6 3. Bc4 h6 4. c3 Bc5 5. d4 exd4 6. b4 Be7 7. cxd4 Nxb4 8. Ne5
d5 9. Qa4+ Nc6 10. Nxc6 Bd7 11. Bb5 Nf6 12. Nxd8 Rxd8 13. Nc3 c6 14. Bd3 b5 15.
Qxa7 Bb4 16. Bb2 Nxe4 17. a3 Bxc3+ 18. Bxc3 Nxc3 19. O-O O-O 20. Rac1 Na4 21. f4
Be6 22. Rxc6 Nb2 23. Bxb5 Ra8 24. Qc5 Na4 25. Qb4 g5 26. Bxa4 g4 27. f5 Bd7 28.
Rd6 Bxa4 29. f6 Bc2 30. Rxd5 Be4 31. Rh5 Bg6 32. Rh4 Rab8 33. Qd2 Rfe8 34. Qxh6
1-0

[Event "Challenge"]
[Site "http://www.queenalice.com/game.php?id=1108002"]
[Date "2012.9.30"]
[Round "-"]
[White "Zowie"]
[Black "askasl159"]
[Result "1-0"]
[WhiteElo "1465"]
[BlackElo "1516"]

1. e4 e5 2. Nf3 d6 3. d4 f6 4. Nc3 Nc6 5. Bd2 a6 6. dxe5 dxe5 7. Nd5 Bg4 8. h3
Bh5 9. g4 Bg6 10. Bd3 h6 11. O-O Nb4 12. Bxb4 Bxb4 13. Nxb4 Ne7 14. Nd5 Nxd5 15.
exd5 Bxd3 16. Qxd3 Qe7 17. Nh4 Qf7 18. d6 O-O-O 19. Qf5+ 1-0